000 01404nam a2200289 a 4500
001 000048117
003 DO-SdBNP
005 20260516003019.0
008 181115s2016 dr ac 000 0 spa d
020 _a9789945408973
040 _aDO-SdBNP
_bspa
_cBNPHU
_erda
041 _aspa
082 _axxxx
_bN936g
100 1 _aNovas, José C.,
_d1948-
_936104
245 1 4 _aLos gavilleros :
_bla lucha nacionalista contra la ocupación 1916-1924 /
_cJosé C. Novas.
250 _aPrimera edición
264 _aSanto Domingo :
_bArgos,
_c2016
300 _a143 páginas. :
_bilustraciones. , retratos. ;
_c22 cm.
500 _aIncluye datos biográficos del autor en las solapas
500 _aIncluye referencias bibliográficas y notas al pie de las páginas
504 _aBibliografía : p. 135-142
505 0 _aLa intervención --
_tFactores externos y antecedentes de la ocupación --
_tNacimiento y desarrollo del nuevo orden --
_tLa Embajada de Estados Unidos y el desembarco de tropas --
_tResistencia guerrillera y liderazgo de los grupos armados --
_tEl gobierno militar y la censura --
_tLuchas cívicas y reconquista de la soberanía.
590 _aInventariado, 2018/LP
650 _aGuerrillas
_xHistoria
_yXX
_zRepública Dominicana
_989617
651 _aRepública Dominicana Ocupación Norteamericana, 1916-1924
_xHistoria
_yOcupación Norteamericana, 1916-1924
_989618
942 _2ddc
_cLBS1
999 _c47605
_d47605